[Event "Open Desko Liberec 2020"]
[Site "Liberec"]
[Date "2020.07.25"]
[Round "9"]
[White "Bartos, Jan"]
[Black "Cibulka, Josef"]
[Result "1/2-1/2"]
[WhiteElo "2110"]
[BlackElo "1931"]
[Annotator "TA"]
[PlyCount "45"]
[EventDate "2020.??.??"]
[EventCountry "CZE"]
[SourceTitle "playchess.com"]
[Source "ChessBase"]
[SourceQuality "1"]

{[%evp 15,45,51,75,77,97,92,133,133,157,154,191,190,204,202,206,162,179,189,182,182,187,22,15,23,6,16,17,22,27,-23,0,0]} 1. d4 Nf6 2. c4 g6 3. Nc3 d6 4. e4 Bg7 5. f3 Nbd7 6. Be3 e5 7. Nge2 O-O 8. Qd2 Re8 {8...a6 is becoming the main line.} 9. d5 {E85: King's Indian: Sämisch: 6...e5.} a5 10. g4 Nc5 11. Ng3 {White is clearly better.} Nfd7 12. h4 Nf8 13. h5 b6 {[#]} 14. Be2 $146 ({Predecessor:} 14. O-O-O Bd7 15. Be2 a4 16. Rdg1 Qc8 17. Bd1 Qa6 18. Be2 Qa5 19. Nf5 Bxf5 20. gxf5 {½-½ (29) Zweschper,E (2022)-Oezdemir,A (2001) Hofheim 2017}) 14... Bd7 15. Kf2 Qe7 16. Rag1 Reb8 17. Rg2 Bf6 18. Nf5 $2 (18. Bh6 $18) 18... gxf5 $11 19. gxf5+ Kh8 20. Rhg1 {[%csl Gg1][%cal Rg2g8] [#]} Nfe6 $1 {[%mdl 512]} 21. fxe6 (21. dxe6 fxe6) 21... fxe6 22. Bg5 Bxg5 23. Qxg5 {Accuracy: White = 72%, Black = 84%.} 1/2-1/2

[Event "Open Desko Liberec 2020"]
[Site "Liberec"]
[Date "2020.07.25"]
[Round "9"]
[White "Cakl, Zdenek"]
[Black "Kucera, Petr"]
[Result "0-1"]
[WhiteElo "2094"]
[BlackElo "2240"]
[Annotator "TA"]
[PlyCount "82"]
[EventDate "2020.??.??"]
[EventCountry "CZE"]
[SourceTitle "playchess.com"]
[Source "ChessBase"]
[SourceQuality "1"]

{[%evp 15,82,24,27,24,24,19,17,19,22,-22,8,9,16,-20,-20,-9,-9,-19,-19,-29,-8,-16,0,0,15,-15,15,0,0,0,0,0,0,0,0,-14,-8,-14,0,0,0,0,0,0,0,-7,-8,-44,-45,-125,-70,-95,-93,-224,-138,-570,-570,-731,-695,-1897,-2581,-1602,-583,-528,-489,-1258,-1036,-1385,-1021]} 1. Nf3 d5 2. b3 Nf6 3. Bb2 g6 4. g3 Bg7 5. Bg2 O-O 6. c4 c6 7. O-O Re8 8. d4 Bf5 9. Nc3 {D78: Fianchetto Grünfeld: 6 0-0 c6.} Ne4 10. Nh4 Nxc3 11. Bxc3 {The position is equal.} Be6 {[#]} 12. Nf3 $146 ({Predecessor:} 12. Qd3 Nd7 13. c5 f5 14. b4 Bf7 15. f4 b6 16. Nf3 a5 17. a3 axb4 18. axb4 {½-½ (34) Malakhov,V (2670)-Golod,V (2523) Bad Wiessee 2002}) 12... Na6 13. Ng5 Bf5 14. f4 h6 15. Nf3 Nc5 {[%mdl 64] [#] Pin} 16. Rc1 Ne4 17. Bb2 Nf6 18. Ne5 Be4 19. Bf3 Qd6 20. Qd2 Bxf3 21. exf3 dxc4 22. bxc4 c5 23. Rfd1 Red8 24. Qf2 cxd4 25. Rxd4 Qa6 26. a3 Ne8 27. Rcd1 Rd6 28. c5 Rxd4 29. Qxd4 Nf6 30. Rc1 Rc8 31. g4 Qe2 32. Qc4 (32. a4 $15) 32... Qe3+ (32... Qxb2 $17 33. Qxf7+ Kh8) 33. Kg2 e6 {And now ...Qd2+ would win.} 34. Qc3 (34. Qd4 $17 {might work better.} Qe2+ 35. Qf2) 34... Qxf4 {White must now prevent ...Nd5.} 35. Qb4 $2 {[%mdl 8192] This move loses the game for White.} (35. Nd7 $17 {is more resistant.} e5 36. Nxf6+ Qxf6 37. Qb3) 35... Nd5 $1 $19 {[%csl LRb4,LRe5] Black is clearly winning.} 36. Qxb7 Rf8 37. Re1 Qd2+ {[%mdl 64] [#] Double Attack} 38. Kf1 Ne3+ (38... Nf4 $142 {[%csl Gf4][%cal Rd2g2]} 39. Re4 Bxe5 40. Bxe5 Qg2+ {[%mdl 64] Double Attack} 41. Ke1 Nd3+ {[%mdl 64] Double Attack} 42. Kd1 Qxf3+ 43. Kc2 Nxc5 {[%mdl 64] Double Attack, Discovered Attack}) 39. Rxe3 Qxe3 {[%mdl 64] Double Attack} 40. Nd7 (40. Qe4 $142 Qxc5 41. Nd3) 40... Bxb2 41. Qxb2 Qd3+ {Accuracy: White = 46%, Black = 79%.} 0-1